LEADER 01359nam a2200313 u 4500 001 000000045741 003 CaOOAMICUS 005 20070226114709.0 008 990615s1988 it u000 u ita u 020 $a8838413002 035 $a10826780 040 $aPUL(R)$bita 041 1 $aita$hger 100 1 $aHerr, Theodor.$0(OLS)http://pul/name/33331 240 10$aKatholische Soziallehre : eine Einführung.$lItaliano.$0(OLS)http://pul/title/61680 245 13$aLa dottrina sociale della chiesa :$bmanuale di base /$cTheodor Herr ; saggio introduttivo di Giuseppe Angelini. 260 $aCasale Monferrato :$bPiemme,$cc1998. 300 $axlvi, 214 p. ;$c24 cm 504 $aBibliografia in nota. 650 4$aDottrina sociale della Chiesa.$0(OLS)http://pul/subject/33229 700 1 $aAngelini, Giuseppe,$csac.,$d1940-$0(OLS)http://pul/name/13303 850 $aPUL 852 $aPUL$W1$xDP1 Cons. Gen., Altre Classi 1$y22$m43 H 30$j61413$nBK-PRI$b $qStampati$B61413$CPULBib$Z2$F61413 $H $81 941 1 $a8 960 $aDottrina sociale cristiana$933229 961 $aINV: 60650 996 $6020$a8838413002$9(OLS)http://pul/number/57047 996 $6245$aLa dottrina sociale della chiesa :$bmanuale di base$9(OLS)http://pul/title/61681 996 $6260$aCasale Monferrato :$bPiemme$9(OLS)http://pul/publisher/51813 LEADER 01360nam a2200301 u 4500 001 000000105034 003 CaOOAMICUS 005 20070515171238.0 008 070515s2003 it u000 ubita u 040 $aPUL$bita$dLDB 041 1 $aita$hfre 100 1 $aFebvre, Lucien Paul Victor,$d1878-1956.$0(OLS)http://pul/name/43458 240 10$aDestin: Martin Luther.$lItaliano.$0(OLS)http://pul/title/85653 245 10$aMartin Lutero /$cLucien Febvre; traduzione di Giorgio Zampa. 260 $aMilano :$bIl Giornale :$bA. Mondadori ;$aRoma ;$aBari :$bLaterza,$c2004. 300 $a281 p. ;$c22 cm 490 1 $aBiblioteca storica. Rinascimento ;$v20 500 $aEdizione speciale per "Il Giornale". 500 $aInclude indice. 504 $aInclude bibliografia. 600 14$aLuther, Martin,$d1483-1546$xBiografia.$0(OLS)http://pul/subject/23917 830 0$aBiblioteca storica (Il Giornale)$p[Rinascimento] ;$v20.$0(OLS)http://pul/title/132111 850 $aPUL 852 $aPUL$W1$xDP2 Filosofia 3$y112$m909. 08 COLL 1.20$j117643$qDDC 21$B117588$CPULBib$Z2$F117588 $H103201 $82 941 1 $a9 996 $6245$aMartin Lutero$9(OLS)http://pul/title/8166 996 $6260$aMilano :$bIl Giornale :$bA. Mondadori$9(OLS)http://pul/publisher/79097 996 $6260$aRoma ;$aBari :$bLaterza$9(OLS)http://pul/publisher/57682